| 000 | 00427nam a2200157 i 4500 | ||
|---|---|---|---|
| 001 | bg | ||
| 100 | 1 | _aSIDOROV, A.A. | |
| 245 | 0 |
_aStatisticeskie metody issledovanija magnitnych svojstv kristallov / _cA.A.Sidorov,R.N.Pletnev,V.P.Suetin. |
|
| 260 |
_aSverdlovsk, _c1988. |
||
| 700 | 1 | _aPLETNEV, R.N. | |
| 700 | 1 | _aSUETIN, V.P. | |
| 040 | _cBPK | ||
| 041 | _apol | ||
| 942 | _cKS | ||
| 008 | s pl f |000 0 pol | ||
| 999 |
_c29061 _d29061 |
||
| 856 |
_uhttp://koha.tu.koszalin.pl/cgi-bin/koha/opac-detail.pl?biblionumber=29061 _yKatalog online BPK |
||